| 000 | 00920nam a2200229 a 4500 | ||
|---|---|---|---|
| 005 | 20240622063732.0 | ||
| 008 | 080925s1966 mx r 000 0 spa d | ||
| 035 | _aUPN01000160814 | ||
| 049 | _aUNE | ||
| 080 | _a37.014. 543/.35 (6)=40 HAL No.3. | ||
| 100 | 1 |
_aHallak, Jacques, _d1937- _928384 |
|
| 245 | 1 | 4 |
_aLes Aspects financiers de l'enseignement dans les pays africains d'expression française / _cJacques Hallak, Raymond Poignant. |
| 260 |
_aParís : _bUNESCO; _bInstitu International de Planification de l'education, _c1966. |
||
| 300 |
_a76 p. : _bil. |
||
| 440 | 0 |
_aMonographies africaines ; _v3 |
|
| 690 | _aFinanzas de la educación - Africa francofona | ||
| 690 | _aAfrica francofona - Finanzas de la educación | ||
| 690 | _aCostos educacionales - Africa francofona | ||
| 700 | 1 |
_aPoignant, Raymond, _ecoaut. |
|
| 710 | 2 |
_aUNESCO. _bInternational Institute for Educational Planning |
|
| 905 | _aUNESCO | ||
| 999 |
_c132927 _d132927 |
||